| 000 | 01142nam a2200241 a 4500 | ||
|---|---|---|---|
| 001 | BRCA_8977 | ||
| 005 | 20190320210458.0 | ||
| 008 | 100717s1745----sp-a######---#000-0#lat-# | ||
| 041 | _alat | ||
| 044 | _asp | ||
| 084 |
_aCO101 _b.G68 1745 |
||
| 100 | 1 |
_aGoudin Lemovicensis, Antoine _922288 |
|
| 245 | 1 | 0 |
_aPhilosophia thomistica, juxta inconcussa, tutissimaque divi Thomae dogmata _bquatuor tomis comprehensa _cauthore P. Fr. Antonio Goudin, Lmovicensis... |
| 260 |
_aMatriti _bApud Andraeam a Ramírez, _c1745 |
||
| 300 |
_a396 p. (t.2) _bil. _c20.3 x 14.6 cm |
||
| 500 | _aEn portada: Editio novissima, accuratissimé correcta, elementis Chronologiae, & Geographiae nume recens exornata, & figuris aereis illustrata , praecipue ubi de modernis expeimentis, & oservationibus, atque reccentiorum Philosophorum platicis, & systemate. | ||
| 500 | _aEn portada: Tomus secundus, Primam, et secundam physicae partem continens | ||
| 500 | _aSuperiorum permissu | ||
| 500 | _aEstado físico: presenta encuadernación en pergamino con cintas rotas | ||
| 650 | 1 | 4 |
_aFilosofía _yObras anteriores a 1800 _922006 |
| 902 | _aCFM | ||
| 942 |
_2lcc _cB |
||
| 999 |
_c8628 _d8628 |
||